000 00228nam a22000857a 4500
008 161201b xxu||||| |||| 00| 0 eng d
100 _91685
_aGupta,B.R
245 _aPioneer English Grammer & Composition
260 _bNew Delhi
_cNavdeep
999 _c4396
_d4396